00424 2200169 4500001002100000005001500021035002000036245004500056100001900101250001700120300002800137260003600165082000800201084001400209020002000223650001100243INLIS00000000000035320240604025855 a0010-06240000621 aBila Alun Turun Tangan /cYudi Triantoro0 aYudi Triantoro acetakan ke-3 a88 hlm :bilus ;c21 cm aJakarta :bBalai Pustaka,c2007 a813 a813 YUD b a978-97960-482-9 4aCerpen